Úvod do teorie a metodologie měření chování /

Hlavní autor: Martin, Paul R., 1951-
Další autoři: Bateson, P. P. G. 1938-2017
Jazyk: Čeština
Vydáno: Praha : Portál, 2009
Vydání: Vyd. 1.
Témata:
Externí odkaz: Digitalizovaný dokument
Fyzický popis: 221 s. : il. ; 20 cm
Knihy
Uloženo v:
LEADER 02106nam a2200553 a 4500
001 nkc20091856259
003 CZ PrNK
005 20090730165747.0
007 ta
008 090213s2009 xr a f 001 0 cze
015 |a cnb001856259 
020 |a 978-80-7367-526-4  |q (brož.) 
035 |a (OCoLC)320226410 
040 |a ABA001  |b cze  |d BOA001 
041 1 |a cze  |h eng 
072 7 |a 159.9  |x Psychologie  |2 Konspekt  |9 17 
080 |a 159.9.019.4  |2 MRF 
080 |a 591.51  |2 MRF 
080 |a 591.5  |2 MRF 
080 |a 159.938.3  |2 MRF 
080 |a 159.9.07  |2 MRF 
080 |a (048.8)  |2 MRF 
100 1 |a Martin, Paul R.,  |d 1951-  |7 uk2007402784  |4 aut 
245 1 0 |a Úvod do teorie a metodologie měření chování /  |c Paul Martin, Patrick Bateson ; [z anglického originálu ... přeložil Ivo Müller] 
250 |a Vyd. 1. 
260 |a Praha :  |b Portál,  |c 2009 
300 |a 221 s. :  |b il. ;  |c 20 cm 
504 |a Obsahuje bibliografie a rejstřík 
650 0 7 |a behaviorismus (psychologie)  |7 ph195469  |2 czenas 
650 0 7 |a psychologie živočichů  |7 ph135003  |2 czenas 
650 0 7 |a chování živočichů  |7 ph189267  |2 czenas 
650 0 7 |a psychometrie  |7 ph124817  |2 czenas 
650 0 7 |a experimentální psychologie  |7 ph120113  |2 czenas 
650 0 9 |a behaviorism (psychology)  |2 eczenas 
650 0 9 |a animal psychology  |2 eczenas 
650 0 9 |a animal behavior  |2 eczenas 
650 0 9 |a psychometrics  |2 eczenas 
650 0 9 |a experimental psychology  |2 eczenas 
655 7 |a studie  |7 fd133597  |2 czenas 
655 9 |a studies  |2 eczenas 
700 1 |a Bateson, P. P. G.  |q (Paul Patrick Gordon),  |d 1938-2017  |7 uk2007402783  |4 aut 
765 0 |t Measuring behaviour  |9 Česky 
856 4 1 |u http://www.digitalniknihovna.cz/mzk/uuid/uuid:b78b25d0-d83a-11e4-8565-005056827e52  |y Digitalizovaný dokument  |x NDK 
910 2 |a BOA001  |b 2-1220.894 
990 |a BK 
995 |a 01 
991 |b 200904  |c NOV 
996 6 |b 2610373051  |c 2-1220.894  |l MZK  |r Sklad / do 1 hodiny  |n 3  |p p.v.  |w 000934675  |u 000010  |a 1  |e BOA001  |j MZK50  |s P 
996 7 |b 2610375138  |c 2-1220.894  |l MZK  |r Sklad / do 1 hodiny  |n 45  |p kup  |w 000934675  |u 000020  |a 1  |e BOA001  |j MZK50  |s A